Daido Moriyama / (Record no. 1229)
[ view plain ]
| 000 -LEADER | |
|---|---|
| campo de control de longitud fija | 00817nam a22002057a 4500 |
| 008 - DATOS DE LONGITUD FIJA--INFORMACIÓN GENERAL | |
| campo de control de longitud fija | 170712s2012 enk||||| |||| 00| 0 eng d |
| 020 ## - NÚMERO INTERNACIONAL ESTÁNDAR DEL LIBRO | |
| Número Internacional Estándar del Libro | 9781849761390 |
| 082 04 - NÚMERO DE LA CLASIFICACIÓN DECIMAL DEWEY | |
| Número de clasificación | 770.92 |
| Número de ítem | M862d |
| 100 1# - ENTRADA PRINCIPAL--NOMBRE DE PERSONA | |
| Nombre de persona | Baker, Simon. |
| 9 (RLIN) | 5866 |
| 245 10 - MENCIÓN DEL TÍTULO | |
| Título | Daido Moriyama / |
| Mención de responsabilidad, etc. | editado por Simon Baker. |
| 250 ## - MENCION DE EDICION | |
| Mención de edición | 1a edición. |
| 260 ## - PUBLICACIÓN, DISTRIBUCIÓN, ETC. | |
| Lugar de publicación, distribución, etc. | Londres : |
| Nombre del editor, distribuidor, etc. | Tate Publishing, |
| Fecha de publicación, distribución, etc. | 2012. |
| 300 ## - DESCRIPCIÓN FÍSICA | |
| Extensión | 224 páginas : |
| Otras características físicas | ilustraciones en color. |
| 505 0# - NOTA DE CONTENIDO CON FORMATO | |
| Título | Daido Moriyama: in light and shadow |
| Mención de responsabilidad | Simon Baker. |
| Título | 'Grainy, blurry, out-o-focus': Daido Moriyama's farewell photography |
| Mención de responsabilidad | Minoru Shimizu. |
| Título | The myth of the city |
| Mención de responsabilidad | Koji Taki. |
| Título | Plates. |
| -- | Notes. |
| -- | Chronology. |
| -- | Select bibliography. |
| -- | List of works. |
| 653 10 - TÉRMINO DE INDIZACIÓN--NO CONTROLADO | |
| Término no controlado | Fotografía |
| 653 10 - TÉRMINO DE INDIZACIÓN--NO CONTROLADO | |
| Término no controlado | Fotógrafos - Japón |
| 653 10 - TÉRMINO DE INDIZACIÓN--NO CONTROLADO | |
| Término no controlado | Arte urbano |
| 653 10 - TÉRMINO DE INDIZACIÓN--NO CONTROLADO | |
| Término no controlado | Artistas urbanos |
| 653 10 - TÉRMINO DE INDIZACIÓN--NO CONTROLADO | |
| Término no controlado | Flou artístico |
| Estatus retirado | Estado de pérdida | Fuente del sistema de clasificación o colocación | Estado de daño | No para préstamo | Biblioteca de origen | Biblioteca actual | Ubicación en estantería | Fecha de adquisición | Total de préstamos | Signatura topográfica completa | Código de barras | Visto por última vez | Precio de reemplazo | Tipo de ítem Koha |
|---|---|---|---|---|---|---|---|---|---|---|---|---|---|---|
| Clasificación Decimal Dewey | Biblioteca LadoV | Biblioteca LadoV | 13/07/2017 | 770.92 M862d | 004438 | 13/07/2017 | 13/07/2017 | Material 01 |
